MICROECONOMICS (Record no. 215895)
[ view plain ]
| 000 -LEADER | |
|---|---|
| fixed length control field | 00556nam a22001937a 4500 |
| 008 - FIXED-LENGTH DATA ELEMENTS--GENERAL INFORMATION | |
| fixed length control field | 250715b |||||||| |||| 00| 0 eng d |
| 020 ## - INTERNATIONAL STANDARD BOOK NUMBER | |
| International Standard Book Number | 978-1-4737-6346-3 |
| 050 ## - LIBRARY OF CONGRESS CALL NUMBER | |
| Classification number | HB 172 .M36 2018 |
| 100 ## - MAIN ENTRY--PERSONAL NAME | |
| Personal name | MANKIW GREGORY N. |
| 245 ## - TITLE STATEMENT | |
| Title | MICROECONOMICS |
| 250 ## - EDITION STATEMENT | |
| Edition statement | 2ND |
| 260 ## - PUBLICATION, DISTRIBUTION, ETC. | |
| Place of publication, distribution, etc. | LONDON |
| Name of publisher, distributor, etc. | ASHFORD COLOUR PRESS |
| Date of publication, distribution, etc. | 2018 |
| 300 ## - PHYSICAL DESCRIPTION | |
| Extent | iii-418P. |
| 500 ## - GENERAL NOTE | |
| General note | IT HAS BIBLIOGRAPHIC INFORMATION LIKEGLOSSARY,INDEX;CREDITS AND LIST OF FORMULAS |
| 650 ## - SUBJECT ADDED ENTRY | |
| Topical term or geographic name entry element | ECONOMICS |
| 700 ## - ADDED ENTRY--PERSONAL NAME | |
| Personal name | TAYLOR MARK P.,NCWADI R. |
| 942 ## - ADDED ENTRY ELEMENTS (KOHA) | |
| Source of classification or shelving scheme | Library of Congress Classification |
| Koha item type | Long Loan Book |
| Withdrawn status | Lost status | Source of classification or shelving scheme | Damaged status | Not for loan | Collection | Home library | Current library | Shelving location | Date acquired | Inventory number | Total checkouts | Barcode | Date last seen | Date last checked out | Copy number | Price effective from | Koha item type |
|---|---|---|---|---|---|---|---|---|---|---|---|---|---|---|---|---|---|
| Library of Congress Classification | Business & Economics | Kisii University Library | Kisii University Library | On Display | 07/15/2025 | 109220 | 2 | 000000018038 | 11/28/2025 | 11/18/2025 | C.1 | 07/15/2025 | Long Loan Book |